The excitement and fascination of science (Record no. 6455)

MARC details
000 -LEADER
fixed length control field 00584nam a2200169Ia 4500
003 - CONTROL NUMBER IDENTIFIER
control field IN-BaIIA
008 - FIXED-LENGTH DATA ELEMENTS--GENERAL INFORMATION
fixed length control field 211028s9999 xx 000 0 eng d
040 ## - CATALOGING SOURCE
Transcribing agency IIA Library
080 ## - UNIVERSAL DECIMAL CLASSIFICATION NUMBER
Universal Decimal Classification number 5
Item number BIS-1
100 ## - MAIN ENTRY--PERSONAL NAME
Personal name George H. Bishop,
9 (RLIN) 11079
245 #4 - TITLE STATEMENT
Title The excitement and fascination of science
Remainder of title vol. 1, a collection of autobiographical and philosophical essays
Statement of responsibility, etc. Bishop, G. H., [et al.]
260 ## - PUBLICATION, DISTRIBUTION, ETC.
Place of publication, distribution, etc. California
Name of publisher, distributor, etc. Annual Reviews
Date of publication, distribution, etc. 1965
300 ## - PHYSICAL DESCRIPTION
Extent x, 566p.
650 ## - SUBJECT ADDED ENTRY--TOPICAL TERM
Topical term or geographic name entry element Astronomy and astrophysics thesaurus
650 ## - SUBJECT ADDED ENTRY--TOPICAL TERM
Topical term or geographic name entry element Science
9 (RLIN) 1299
942 ## - ADDED ENTRY ELEMENTS (KOHA)
Koha item type Books
Holdings
Withdrawn status Lost status Damaged status Not for loan Home library Current library Shelving location Date acquired Total Checkouts Full call number Barcode Date last seen Price effective from Koha item type
        IIA Library-Bangalore IIA Library-Bangalore General Stacks 25/02/1980   5/ BIS-1 7187 05/11/2021 25/02/1980 Books

Powered by Koha